000 00582nmm a2200169Ia 4500
008 251105s9999||||xx |||||||||||||||||und||
020 _a9788495839916
041 _aspa
100 _aSantiago, Roberto
245 0 _aEl penalti más largo del mundo :
_b guión cinematográfico de Roberto Santiago ; basado en el relato "El penal más largo del mundo", de Osvaldo Soriano
264 _a[Madrid, España] :
_bOcho y Medio,
_c2005
300 _a207 páginas
490 _aEspiral
650 _aFilm studies
856 _uhttps://public.digitaliapublishing.com/a/402
942 _cCF
999 _c89681
_d89681